ഭഗത് സിങിന്റെ ജയിൽ ഡയറി (Record no. 178339)

MARC details
000 -LEADER
fixed length control field 00666nam a22002057a 4500
003 - CONTROL NUMBER IDENTIFIER
control field dpl
005 - DATE AND TIME OF LATEST TRANSACTION
control field 20210325112359.0
008 - FIXED-LENGTH DATA ELEMENTS--GENERAL INFORMATION
fixed length control field 210325b ||||| |||| 00| 0 eng d
010 ## - LIBRARY OF CONGRESS CONTROL NUMBER
LC control number MA-9258
020 ## - INTERNATIONAL STANDARD BOOK NUMBER
International Standard Book Number 978-93-90429-02-8
035 ## - SYSTEM CONTROL NUMBER
System control number MA-8715
040 ## - CATALOGING SOURCE
Transcribing agency DBAD books
082 ## - DEWEY DECIMAL CLASSIFICATION NUMBER
Classification number 920
Item number SIN
100 ## - MAIN ENTRY--PERSONAL NAME
Personal name സിങ് ഭഗത്
245 ## - TITLE STATEMENT
Title ഭഗത് സിങിന്റെ ജയിൽ ഡയറി
260 ## - PUBLICATION, DISTRIBUTION, ETC. (IMPRINT)
Place of publication, distribution, etc Thrissur
Name of publisher, distributor, etc Green books pvt limited
Date of publication, distribution, etc 2020
270 ## - ADDRESS
Address green books pvt limited gb building,civil lane road,ayyantole
City Thrissur
State or province Kerala
Country India
Postal code 680003
300 ## - PHYSICAL DESCRIPTION
Extent 288p
Dimensions 21cm
942 ## - ADDED ENTRY ELEMENTS (KOHA)
Source of classification or shelving scheme Dewey Decimal Classification
Koha item type Malayalam Bks
Classification part 920
Call number suffix SIN
Holdings
Withdrawn status Lost status Source of classification or shelving scheme Damaged status Not for loan Collection code Home library Current library Date acquired Source of acquisition Cost, normal purchase price Total Checkouts Full call number Barcode Date last seen Copy number Cost, replacement price Price effective from Koha item type
    Dewey Decimal Classification   Not For Loan Non-fiction D.B.Act.Division D.B.Act.Division 25/03/2021 DBAD/PUB 360.00   920 SIN MA-8715 25/03/2021 1 360.00 25/03/2021 Malayalam Bks

© Delhi Public Library
Hit Counter
free hit counter